01360cam a22003131a 4500001001300000003000400013005001700017008004100034010001700075035002000092040004800112042001200160050002700172051002400199082001300223100005900236245005100295260003300346300002000379490007900399500007100478501016900549530006900718530006900787650002200856830006600878856005100944856005100995e 19000350 DLC20260227111210.0860124s1919 dcu f000 0 eng c ae 19000350  a(OCoLC)13058608 aU.S. Off. of Educ. LibrarycABAUdABAUdDLC apremarc00aL111b.A6 1919, no. 36 aLA792b.M78cCopy 2 a370.61731 aMontgomery, Walter A.q(Walter Alexander),d1872-1949.10aEducation in Italy /cby Walter A. Montgomery. aWashington :bG.P.O.,c1919. a29 p. ;c23 cm.1 aBulletin / Department of the Interior, Bureau of Education ;v1919, no. 36 a"Advance sheets from the Biennial survey of education, 1916-1918." aCopy 1 of L111.A6 with: Vocational education, 1919, no. 25 / William T. Bawden. Washington : Govt. Print. Off., 1919. Bound together subsequent to publication.5DLC aAlso available in digital form on the Internet Archive Web site. aAlso available in digital form on the Internet Archive Web site. 0aEducationzItaly. 0aBulletin (United States. Bureau of Education) ;v1919, no. 3641uhttp://hdl.loc.gov/loc.gdc/scd0001.0022114575641uhttp://hdl.loc.gov/loc.gdc/scd0001.00221145756